The common core, an uncommon opportunity redesigning classroom instruction

Kaydedildi:
Detaylı Bibliyografya
Yazar: MARCH, Judith K Peters, Karen H Peters, Karen H
Materyal Türü: Kitap
Dil:İngilizce
Baskı/Yayın Bilgisi: CORWIN Press 2014
Etiketler: Etiketle
Etiket eklenmemiş, İlk siz ekleyin!

MARC

LEADER 00000nam a22000007a 4500
008 201222b ||||| |||| 00| 0 eng d
020 |a : 978-1-4522-7182-8 
100 |a MARCH, Judith K  |a Peters, Karen H  |a Peters, Karen H 
245 |a The common core, an uncommon opportunity  |b redesigning classroom instruction  |c Judith K. March, Karen H. Peters  |g xiv, 272p., ill 
260 |b CORWIN Press  |c 2014  |h Thousand Oaks, California  |i 692283  |i 692284  |l LB2806.15 .M33  |m Curriculum planning – United States  |m Effective teaching – United States  |m Education – standards – United States  |m Education change – United States 
500 |a “It includes bibliographical references and index”. 
942 |a lcc  |c BK  |e O.A.JOHNSON  |f 22/12/20 
952 |0 0  |1 0  |2 lcc  |4 0  |6 LB280615 M33  |7 0  |9 1148  |a HOL  |b ED  |c LP  |d 2020-12-22  |o LB2806.15 .M33  |p 2020-230355  |r 2020-12-22 00:00:00  |w 2020-12-22  |y BK 
952 |0 0  |1 0  |2 lcc  |4 0  |6 LB280615 M33  |7 0  |9 1149  |a HOL  |b HOL  |c LP  |d 2020-12-22  |l 0  |o LB2806.15 .M33  |p 2020-230356  |r 2020-12-22 00:00:00  |w 2020-12-22  |y BK 
999 |c 599  |d 599